Valorant Team Chain - Statistics

General Stats
  • This quiz has been taken 548 times
  • The average score is 18 of 40
Answer Stats
Hint Answer % Correct
which lost the Grand Finals against... Evil Geniuses
99%
Champions 2023 runner-up Paper Rex
99%
which got 13-0'd by... LOUD
95%
whose 2023 star duelist went to... Leviatán
88%
which won the Grand Finals in the first ever international event against... Fnatic
84%
which is from the same country as... KRÜ Esports
84%
which in a surprise upset in Champions 2021 knocked out... Sentinels
84%
which lost a regional event in 2023 to... Team Liquid
79%
whose former Killjoy player forgot to buy while on... Karmine Corp
68%
who Melon'd against... Team Heretics
66%
which knocked out this North American team out of Champions 2023: NRG
56%
which got 2nd place in an international event that took place in the same city as this team's headquarters is located in: Bilibili Gaming
49%
who lost the Champions 2024 Chinese first seed to... EDward Gaming
49%
which was previously known as... ENVY
44%
whose head coach has the same name as the Australian player playing for... FunPlus Phoenix
44%
who went through a miracle run in the tournament that was eventually won by... OpTic Gaming
44%
which was the second franchising "superteam" to implode after... Cloud9
42%
whose implosion happened because of their loss to... DRX
42%
which was the team with the longest standing roster just behind... ZETA DIVISION
42%
who got knocked out of LOCK//IN by... 100 Thieves
39%
whose team logo looks similar to... T1
32%
who had this team's IGL in their 2022 roster: Talon Esports
32%
who won the first ever Valorant NA trophy by winning against... TSM
32%
whose last loss was against... X10 Esports
32%
who qualified to Ascension 2024 by defeating... Moist x Shopify
31%
which later became... XERXIA Esports
31%
and... Shopify Rebellion
29%
whose name is a mix of... Moist Moguls
28%
whose duelist won a championship with... Acend
24%
after winning the Grand Finals against... Gambit Esports
23%
who had to change their name to... M3 Champions
23%
whose Game Changers team acquired this team's roster: Version1
23%
who won their first match in 2024 against... BBL Esports
21%
whose headquarters are located in the same place as... FUT Esports
21%
whose first letter is the same as this franchising team: MIBR
19%
whose first letter is the same as this franchising team: Natus Vincere
19%
who has the same 2024 regular season record as... BLEED
18%
who has an Affiliate Partnership with... Disguised
17%
whose logo color is the same as this franchising team's logo: Nova Esports
17%
who lost to this team with a cheater: Noot Noot
13%
No matching quizzes found
Score Distribution
Percent of People with Each Score
Percentile by Number Answered
Your Score History
You have not taken this quiz